00623nam a22001697a 450000500170000001000130001702000260003003500110005603700130006708200080008010000360008824500900012424600720021426000520028627000920033830000230043020201102145646.0 aUR-10917 c300.00a9789389358810 aU-9472 bDBAD/PUB a841 dپشپيند ر کما ر نم  aر و ما نی شا عر :ا ختر شير ا نی cپشپيند ر کما ر نم  bRomani Shayar: Akhtar Shirani (Urdu)aby Dr. Pushpendera Kumar Nim  aN.Delhi bEducational Publishing Housec2019 ء aH.O.D1/16,Ansari Road,Darya ganj,bN.Delhie110002k45678285,23216162l0091-11-23211540 a208 ص c22 Cm(Hb)